00980nam a22002657a 4500001000500000005001700005020002200022040002300044050001500067082000800082100002000090245008400110260003500194300004000229490006000269500010900329505000800438520012100446521001900567521001900586650002400605650002200629655003000651700003300681100120250213155411.0 a0439314321 (pbk.) aDAJcDAJdDLCbeng00aPZ7.M26572 a5381 aCarmi, Rebecca.10aAmazing magnetism /c[written by Rebecca Carmi ; illustrations by John Speirs]. aNew York :bScholastic,c2001. a76 pages :billustrations ;c20 cm.0 aThe Magic school bus, a science chapter book ;vBook 12 a"Based on The Magic School Bus books written by Joanna Cole and illustrated by Bruce Degen"--T.p. verso. aP  aMrs. Frizzle's class challenges Mr. Order's class to a science contest, where the topic of the contest is magnetism. a630 bLexile  aP bRaz-Plus  0aMagnetismvFiction. 0aMagnetsvFiction. 7aChildren's stories.2lcsh1 aSpeirs, John.cillustrator.